MDQL
is popping MORE tags! Check the
thread
!
Quizzes
Events
Quiz Creation
Community
Videos
Private Events
Remove Ads
Sign In
Join for FREE
Feedback
Dark Mode
Quiz Categories
Sports
Geography
Music
Movies
Television
Just For Fun
Miscellaneous
History
Literature
Language
Science
Gaming
Entertainment
Religion
Holiday
For Kids
Quiz Lab
Recent
Popular Today
Quiz Kudos Today
Editor Picks
Curator Picks
Quizzes by...
Day
Popularity
Type
Ratings
Length
Year
Community
Subscriptions
Recent Discussions
Orange Saloon
Badges
Playlists
Quests
Create
Leaderboards
Showdown
Live 5
Trivia Bingo
Activity
Puzzle Library
Sporcle Events
Private Events
Virtual Trivia
Globe League
Become a Host
Pub Owners
SporcleCon
Opinionation
Our Games
Videos
Blog
Mobile Apps
Partnerships
Remove Ads and Go Orange
Feedback
Sports
Athletes
MLB
NBA
NHL
NFL
Soccer
Sports Teams
WWE
NCAA
Football
Premier League
Basketball
Baseball
Hockey
Golf
Tennis
Cricket
Rugby
Auto Racing
Olympics
World Cup
Sports
Athletes
MLB
NBA
NHL
NFL
Soccer
Sports Teams
WWE
NCAA
Football
Premier League
Basketball
Baseball
Hockey
Golf
Tennis
Cricket
Rugby
Auto Racing
Olympics
World Cup
Random Quiz
Search Sporcle
×
Quiz Lab
Quiz Lab
Sports
2000s
Type in answers that appear in a list
Type in answers that appear in a list
Classic
Best Score? Go Orange.
Big Cheltenham Races - 2000s Stats
Can you name the winners of the championship races at the Cheltenham Festival in the 2000s?
By
darth_shrimper
6m
40 Questions
864 Plays
864 Plays
864 Plays
Comments
Comments
Give Quiz Kudos
Give Quiz Kudos
-
- Ratings
hide this ad
Replay
Link that replays current quiz
Next Quiz
Link to next quiz in quiz playlist
You Got
0%
They Got
Avg Score
61%
Avg Friend Score
Upgrade to see
Score Distribution
Jump to the score distribution portion of the page
Score
0/40
Timer
06:00
0
Plays Today
Year
Race winner
% Correct
Gold Cup
Kauto Star
94.3%
Gold Cup
Kauto Star
94.3%
Gold Cup
Denman
93.5%
Gold Cup
Best Mate
90.2%
Gold Cup
Best Mate
90.2%
Gold Cup
Best Mate
90.2%
Stayers'/
World Hurdle
Big Buck's
81.9%
Champion Hurdle
Istabraq
77.7%
Champion Chase
Moscow Flyer
77.2%
Champion Chase
Moscow Flyer
77.2%
Gold Cup
Kicking King
75.6%
Champion Chase
Master Minded
72%
Champion Chase
Master Minded
72%
Champion Hurdle
Hardy Eustace
70.4%
Champion Hurdle
Hardy Eustace
70.4%
Gold Cup
War Of Attrition
68.3%
Stayers'/
World Hurdle
Inglis Drever
67.7%
Stayers'/
World Hurdle
Inglis Drever
67.7%
Stayers'/
World Hurdle
Inglis Drever
67.7%
Champion Hurdle
Brave Inca
62.2%
Year
Race winner
% Correct
Champion Hurdle
Rooster Booster
60%
Champion Hurdle
Punjabi
56.9%
Champion Hurdle
Katchit
55%
Stayers'/
World Hurdle
Baracouda
53%
Stayers'/
World Hurdle
Baracouda
53%
Gold Cup
No race
51.7%
Champion Hurdle
No race
51.7%
Champion Chase
No race
51.7%
Stayers'/
World Hurdle
No race
51.7%
Champion Chase
Azertyuiop
46.3%
Champion Hurdle
Sublimity
45.5%
Champion Chase
Newmill
41.2%
Gold Cup
Looks Like Trouble
40.9%
Champion Hurdle
Hors La Loi III
40.3%
Champion Chase
Voy Por Ustedes
37.5%
Champion Chase
Edredon Bleu
36.6%
Champion Chase
Flagship Uberalles
36.3%
Stayers'/
World Hurdle
Iris's Gift
36.3%
Stayers'/
World Hurdle
My Way De Solzen
33%
Stayers'/
World Hurdle
Bacchanal
17%
Quiz Playlist
Details
Report
Send in Message
Add To Playlist
Classic:
Type in answers that appear in a list
Quiz Source
Last Updated: Mar 21, 2022
Quiz Scoreboard
CHALLENGE
Sign Up to Join the Scoreboard
Show All
Scores
Hide
Comments
May contain spoilers
Recently Published
Find the 'City' Movie
by crazypaving
Movies
60s
5x2 Blitz: Bands
by SL_Kpop136
Music
30s
Colored Red Africa Blitz
by spor1
Geography
30s
More to Explore
Quiz From the Vault
Featured Blog Post
14 Easter Pick-up Lines to Find Eggs With
hide this ad
You Might Also Like...
Tags
2000
2000s
Championship
cheltenham
Cheltenham Festival
Festival
race
Winner
Today's Top Quizzes in Sports
Browse Sports
hide this ad
Today's Top Quizzes in 2000s
Browse 2000s
Top Contributed Quizzes in Sports
1
Players with Multiple 50 Home Run Seasons
2
Criteria MLB: Left Handed Sluggers
3
MLB Players with Two .350 Batting Average Seasons
4
Who Hit More Homers?
5
Premier League Clubs since 2000 (minefield)
6
Who Needs Fielders?
7
2020 F1 Drivers Logic Puzzle
8
Les entraîneurs de l'OM et du PSG au 21e siècle
9
Top 10 NHL Goal Scorers of All Time
10
MLB Hall of Famer by Rings
Explore More
Trending Topics
Kpop
Marvel
Disney
Harry Potter
NBA
Crossword
Anime
The Office
Pokémon
NFL
Country
Soccer
Puzzle
WWE
Song
hide this ad
More By:
darth_shrimper
Quiz
Plays
Rating
Category
Featured
Created
Never Played in the Premier League
79,816
4.24
Sports
Dec 16, 2010
Tour de France Top 10 - 2010s
17,767
4.58
Sports
Jul 26, 2016
Tour de France Top 3 1990-2009
10,316
4.22
Sports
Jan 28, 2010
Cricket Top Tens - England
8,063
5.00
Sports
Sep 8, 2016
Cricket World Cup 2015 - every centurion
7,493
4.25
Sports
Mar 29, 2015
Go to Creator's Profile
Score Distribution
Quiz Creator Spotlight
darth_shrimper
Follow
Send a Message
Quizzes Created
-
Created Quiz Play Count
-
More By This Creator
Popular Quizzes Today
1
Colored Red Africa Blitz
2
Find the 'City' Movie
3
5x2 Blitz: Bands
4
Find the US States - No Outlines Minefield
5
The Countries of the World
6
Find the US States
7
US States
8
9x9 Crossword: Cartoon Network
More Sports Quizzes
Top Home Run Seasons for 'H' Players
Quiz Lab
Trending Quizzes
Colored Red Europe Blitz I
Colored Red Africa Blitz II
Colored Red Africa Blitz III
Colored Red Europe Blitz III
Colored Red Europe Blitz II
Recently Updated
Champions League XIs: Real Madrid
pecheneg
Largest US Cities 1790-2010
pecheneg
Rides in Walt Disney World
pecheneg
Most Oscar Losses (Acting)
pecheneg
Beyoncé Albums
pecheneg
Leaping Animals
pecheneg
Reality TV Shows (A-Z)
bhenderson79
Rickey Henderson's Hall of Fame Teammates
pecheneg
Champions League XIs: Arsenal
pecheneg
Quick Pick: Celebrities in WWE's Hall of Fame
aduchscher
Trending Topics
NBA
Harry Potter
Marvel
Anime
Crossword
Kpop
Disney
The Office
NFL
Soccer
Song
Country
Pokémon
WWE
Puzzle
Your Account Isn't Verified!
In order to create a playlist on Sporcle, you need to verify the email address you used during registration. Go to your
Sporcle Settings
to finish the process.
Report this User
Report this user for behavior that violates our
Community Guidelines
.
Details:
Send Report
Go to the Sporcle.com Mobile Site →
Comments